Sporcle Crossing! Quiz Stats

 Plays Quiz Updated Jun 12, 2018

Challenge
Share
Tweet
Score 0/25 Timer 03:00
5 Plays Today
# Animal/Thing % Correct
1Deer
99.2%
4Cows
98.4%
5Kangaroos
97.8%
2Pedestrians
97.4%
8Monkeys
95.6%
13Bears
95.1%
3Squirrels
95%
10Moose
93.2%
6Golf Carts
91%
20Alligators
90.5%
18Panthers
90.2%
12Koalas
90%
11Dinosaurs
90%
# Animal/Thing % Correct
15Llamas
89%
9Zombies
88.7%
21Turtles
87.3%
17Railroad Tracks
83%
22Amish Buggy
80%
14Bighorn Sheep
78.5%
24Surfers
77.2%
19Pirates
75.3%
23Frogs
67.2%
25Sporcle
65%
16Kiwis
49.7%
7Wombats
32.3%

You're not logged in!

Compare scores with friends on all Sporcle quizzes.
OR
Log In

You Might Also Like...

Show Comments

Extras

Top Quizzes Today


Score Distribution

Your Account Isn't Verified!

In order to create a playlist on Sporcle, you need to verify the email address you used during registration. Go to your Sporcle Settings to finish the process.

Report this User

Report this user for behavior that violates our Community Guidelines.

Details: